金山駅から出ている行き先 - Statistics

General Stats
  • This quiz has been taken 352 times
  • The average score is 42 of 55
Answer Stats
Answer % Correct
豊橋
98%
名古屋
98%
名古屋
98%
豊橋
98%
岐阜
95%
浜松
94%
米原
94%
大垣
92%
岡崎
91%
中津川
91%
中部国際空港
91%
名鉄岐阜
90%
大府
88%
常滑
88%
高蔵寺
87%
刈谷
86%
多治見
86%
犬山
84%
長野
83%
関ヶ原
82%
東岡崎
82%
名古屋港
82%
名鉄一宮
81%
名鉄名古屋
80%
新鵜沼
80%
大曽根
79%
太田川
78%
武豊
77%
新安城
77%
豊川稲荷
77%
河和
77%
神領
76%
瑞浪
75%
神宮前
75%
豊明
75%
内海
75%
伊奈
74%
国府
73%
岩倉
72%
土岐市
71%
吉良吉田
70%
笠寺
69%
須ケ口
68%
津島
68%
知多半田
68%
弥富
67%
西尾
67%
鳴海
66%
ナゴヤドーム前矢田
61%
佐屋
59%
本宿
56%
新瑞橋
55%
名古屋大学
43%
瀬戸口
41%
瑞穂運動場東
38%
No matching quizzes found
Score Distribution
Percent of People with Each Score
Percentile by Number Answered
Your Score History
You have not taken this quiz